000 00634nam a2200217Ia 4500
005 20241129104235.0
008 241129s9999||||xx |||||||||||||| ||und||
020 _a9780226043425
037 _aTextual
040 _aRTL
_beng
_cRTL
041 _aeng
_2eng
084 _aY:3(NR) Q1
_qRTL
100 _aBenzecry Claudio E.
_9725117
245 0 _aOpera fanatic: Ethnography of an obsession
_cBenzecry Claudio E.
260 _aChicago
_bUniversity of Chicago Press
_c2011
300 _axx,246p.
365 _aINR
_b3176.42
650 _aEthnography
_9464914
942 _cTB
_hY:3(NR) Q1
999 _c1225026
_d1225026